000 00591nam a2200217Ia 4500
005 20241129110248.0
008 241129s9999||||xx |||||||||||||| ||und||
020 _a978-93-83282-92-0
037 _aTB
040 _aARTS
_beng
_cARTS
041 _aeng
_2urd
084 _aY:4515.273 168Q6
_qARTS
100 _aPrabhat Ranjan Au.
_9727618
245 0 _aKotha goi
_cPrabhat Ranjan Au.
260 _aDelhi, India
_bM. R. Publications
_c2019
300 _a200p.
365 _aINR
_b340
650 _aSociology
942 _cTB
_hY:4515.273 168Q6
999 _c1227941
_d1227941